Billboard #1 Hits of 2020 - Statistics

General Stats
  • This quiz has been taken 101 times
    22 since last reset
  • The average score is 13 of 20
Answer Stats
Hint Extra Hint Explanation Answer % Correct
Watermelon Sugar 15 August (1 wk.) Listen on YouTube Harry Styles
95%
Blinding Lights 4 April (2 wks.)
25 April (2 wks.)
Listen on YouTube The Weeknd
95%
Mood 24 October (2 wks.)
14 November (3 wks.)
12 December (1 wk.)
9 January 2021 (2 wks.)
Listen on YouTube 24kGoldn featuring Iann Dior
84%
Dynamite 5 September (2 wks.)
3 October (1 wk.)
Listen on YouTube BTS
84%
WAP 22 August (2 wks.)
19 September (2 wks.)
Listen on YouTube Cardi B featuring Megan Thee Stallion
84%
Say So 16 May (1 wk.) Listen on YouTube Doja Cat featuring Nicki Minaj
79%
Cardigan 8 August (1 wk.) Listen on YouTube Taylor Swift
74%
The Scotts 9 May (1 wk.) Listen on YouTube The Scotts, Travis Scott and Kid Cudi
74%
Positions 7 November (1 wk.) Listen on YouTube Ariana Grande
68%
Willow 26 December (1 wk.) Listen on YouTube Taylor Swift
68%
Stuck with U 23 May (1 wk.) Listen on YouTube Ariana Grande and Justin Bieber
63%
Rain on Me 6 June (1 wk.) Listen on YouTube Lady Gaga and Ariana Grande
63%
The Box 18 January (11 wks.) Listen on YouTube Roddy Ricch
63%
Rockstar 13 June (2 wks.)
4 July (5 wks.)
Listen on YouTube DaBaby featuring Roddy Ricch
58%
Toosie Slide 18 April (1 wk.) Listen on YouTube Drake
58%
Savage 30 May (1 wk.) Listen on YouTube Megan Thee Stallion featuring Beyoncé
58%
Savage Love (Laxed – Siren Beat) 17 October (1 wk.) Listen on YouTube Jawsh 685, Jason Derulo and BTS
53%
Trollz 27 June (1 wk.) Listen on YouTube 6ix9ine and Nicki Minaj
47%
Franchise 10 October (1 wk.) Listen on YouTube Travis Scott featuring Young Thug and M.I.A.
47%
Life Goes On 5 December (1 wk.) Listen on YouTube BTS
26%
No matching quizzes found
Score Distribution
Percent of People with Each Score
Percentile by Number Answered
Your Score History
You have not taken this quiz since the last reset